A lagarta faceira (Record no. 194890)

MARC details
000 -LÍDER
campo de controle de tamanho fixo 00297 a2200145 4500
001 - NÚMERO DE CONTROLE
campo de controle 194890
040 ## - FONTE DA CATALOGAÇÃO
Instituição que transcreveu o registro Magnum
100 ## - ENTRADA PRINCIPAL--NOME PESSOAL
Nome pessoal Antonio Filho
240 10 - TÍTULO UNIFORME
Título uniforme A lagarta faceira
Idioma da obra por
245 10 - TÍTULO
Título A lagarta faceira
300 ## - DESCRIÇÃO FÍSICA
Extensão 15
362 0# - DATAS DE PUBLICAÇÃO E/OU DESIGNAÇÃO SEQUENCIAL
Datas de publicação e/ou designação sequencial 2009
697 ## - ENTRADA DE ASSUNTO LOCAL--ENTIDADE COLETIVA (RLIN)
Nome corporativo ou nome da jurisdição LITERATURA INFANTIL
942 ## - ELEMENTOS DE ENTRADA ADICIONADOS (KOHA)
Tipo de material Koha Livros
Holdings
Situação do descarte Situação das perdas Situação física Não pode ser emprestado Biblioteca de origem Biblioteca atual Data de aquisição Total de empréstimos Número de chamada completo Código de barras Data de último acesso Data do preço efetivo Tipo de material Koha
        Magnum Magnum 08/06/2024   869.0.1322 MAG00075577 08/06/2024 08/06/2024 Livros